ایرانی تصوف ;; Iranian Sufism / (Record no. 85825)
[ view plain ]
| 000 -LEADER | |
|---|---|
| fixed length control field | 00629nam a2200205 4500 |
| 001 - CONTROL NUMBER | |
| control field | 85825 |
| 003 - CONTROL NUMBER IDENTIFIER | |
| rucl marc code | BD-RjUL |
| 005 - DATE AND TIME OF LATEST TRANSACTION | |
| control field | 20251009123257.0 |
| 008 - FIXED-LENGTH DATA ELEMENTS--GENERAL INFORMATION | |
| fixed length control field | 251009s1993 ii ||||| |||| 00| 0 urd d |
| 035 ## - SYSTEM CONTROL NUMBER | |
| System control number | (BD-RjUL)85825 |
| 040 ## - CATALOGING SOURCE | |
| Original cataloging agency | BD-RjUL |
| Language of cataloging | eng |
| Transcribing agency | BD-RjUL |
| 041 ## - LANGUAGE CODE | |
| Language code of text/sound track or separate title | urd |
| 082 ## - DEWEY DECIMAL CLASSIFICATION NUMBER | |
| Edition number | 23 |
| Classification number | 297.4 |
| 100 ## - MAIN ENTRY--PERSONAL NAME | |
| Personal name | جائسی ، کبیر احمد ;; Jayasi, Kabir Ahmed |
| 9 (RLIN) | 17131 |
| 245 ## - TITLE STATEMENT | |
| Title | ایرانی تصوف ;; Iranian Sufism / |
| Statement of responsibility, etc. | کبیر احمد جائسی ;; Kabir Ahmed Jaisi |
| 260 ## - PUBLICATION, DISTRIBUTION, ETC. (IMPRINT) | |
| Place of publication, distribution, etc. | AliGargh : |
| Name of publisher, distributor, etc. | Adara i ulumi Islamiah , |
| Date of publication, distribution, etc. | 1993 |
| 300 ## - PHYSICAL DESCRIPTION | |
| Pagination | 216 p. ; |
| Size | 22 cm |
| 650 ## - SUBJECT ADDED ENTRY--TOPICAL TERM | |
| Topical term or geographic name as entry element | Sufism |
| Geographic subdivision | Iran |
| 9 (RLIN) | 17132 |
| 942 ## - ADDED ENTRY ELEMENTS (KOHA) | |
| Source of classification or shelving scheme | Dewey Decimal Classification |
| Koha item type | Books |
| Lost status | Source of classification or shelving scheme | Damaged status | Not for loan | Collection code | Permanent Location | Current Location | Shelving location | Date acquired | Source of acquisition | Total Checkouts | Full call number | Date last seen | Copy number | Koha item type |
|---|---|---|---|---|---|---|---|---|---|---|---|---|---|---|
| Dewey Decimal Classification | Not For Loan | Non-fiction | Central Library, University of Rajshahi | Central Library, University of Rajshahi | Reading Room | 22/08/1995 | IISAU | U 297.4 JAI 1993 | 09/10/2025 | C-1 | Books |